header

Our cannibals, ourselves (Record no. 99823)

MARC details
000 -LEADER
fixed length control field 01195nam a2200325Ia 4500
082 04 - DEWEY DECIMAL CLASSIFICATION NUMBER
Classification number 394/.9
100 1# - MAIN ENTRY--AUTHOR NAME
Personal name Walton, Priscilla L.
245 10 - TITLE STATEMENT
Title Our cannibals, ourselves
260 ## - PUBLICATION, DISTRIBUTION, ETC. (IMPRINT)
Place of publication Urbana :
Name of publisher University of Illinois Press,
Year of publication c2004.
300 ## - PHYSICAL DESCRIPTION
Number of Pages ix, 172 p.
650 #0 - SUBJECT ADDED ENTRY--TOPICAL TERM
Topical Term Cannibalism.
Topical Term Popular culture.
856 40 - ELECTRONIC LOCATION AND ACCESS
Uniform Resource Identifier http://site.ebrary.com/lib/rucke/Doc?id=10603892

No items available.

© 2026 Rongo University
Contact us: librarian | system librarian | Rongo university